LEADER 02542oem 2200685 450 001 9910713710003321 005 20201119104123.0 035 $a(CKB)5470000002504588 035 $a(OCoLC)966435424 035 $a(EXLCZ)995470000002504588 100 $a20161219d1993 ua 101 0 $aeng 120 $ab|||||||||||| 121 $a||||||||| 124 $bd 135 $aurcn||||||||| 181 $ccri$2rdacontent 182 $cc$2rdamedia 183 $acr$2rdacarrier 200 10$aProperties and chemical constituents in ground water from permeable Zone D (middle Miocene deposits), Coastal Lowlands Aquifer System, south-central United States /$fby Robert A. Pettijohn, John F. Busby, and Jeffery D. Beckman 210 1$aAustin, Texas :$cU.S. Department of the Interior, U.S. Geological Survey,$d1993. 215 $a1 online resource (17 maps) $ccolor 225 1 $aWater-resources investigations report ;$v92-4105 300 $aIncludes text, location map, 1 cross section, 11 ancillary maps, 10 graphs, and 2 tables. 320 $aIncludes bibliographical references (sheet 1). 517 $aProperties and chemical constituents in ground water from permeable Zone D 606 $aAquifers$zTexas$vMaps 606 $aAquifers$zGulf Coast (U.S.)$vMaps 606 $aAquifers$zMississippi River Valley$vMaps 606 $aGroundwater$zTexas$xComposition$vMaps 606 $aGroundwater$zGulf Coast (U.S.)$xComposition$vMaps 606 $aGroundwater$zMississippi River Valley$xComposition$vMaps 606 $aAquifers$2fast 606 $aGroundwater$xComposition$2fast 607 $aMississippi River Valley$2fast 607 $aTexas$2fast 607 $aUnited States$zGulf Coast$2fast 608 $aMaps.$2fast 608 $aMaps.$2lcgft 615 0$aAquifers 615 0$aAquifers 615 0$aAquifers 615 0$aGroundwater$xComposition 615 0$aGroundwater$xComposition 615 0$aGroundwater$xComposition 615 7$aAquifers. 615 7$aGroundwater$xComposition. 702 $aPettijohn$b Robert A. 702 $aBeckman$b Jeffery D. 702 $aBusby$b John F. 801 0$bCOP 801 1$bCOP 801 2$bOCLCO 801 2$bOCLCF 801 2$bOCLCA 801 2$bGPO 906 $aBOOK 912 $a9910713710003321 996 $aProperties and chemical constituents in ground water from permeable Zone D (middle Miocene deposits), Coastal Lowlands Aquifer System, south-central United States$93342933 997 $aUNINA LEADER 03006nam 22006015 450 001 9910483449303321 005 20200711023638.0 010 $a3-89935-307-2 024 7 $a10.1007/978-3-89935-307-5 035 $a(CKB)4100000004834867 035 $a(MiAaPQ)EBC5428737 035 $a(DE-He213)978-3-89935-307-5 035 $a(PPN)229498515 035 $a(EXLCZ)994100000004834867 100 $a20180611d2017 u| 0 101 0 $ager 135 $aurcnu|||||||| 181 $ctxt$2rdacontent 182 $cc$2rdamedia 183 $acr$2rdacarrier 200 10$aBetreuung drogenabhängiger Schwangerer und ihrer Neugeborenen /$fherausgegeben von Ludwig Gortner, Joachim W. Dudenhausen 205 $a1st ed. 2017. 210 1$aBerlin, Heidelberg :$cSpringer Medizin Verlag :$cImprint: Springer,$d2017. 215 $a1 online resource (92 pages) 311 $a3-89935-306-4 330 $aDrogenmissbrauch in der Schwangerschaft hat negative Folgen für die werdende Mutter und ihr ungeborenes Kind. Eine möglichst frühe und umfassende Aufklärung ist deshalb eine der wichtigsten Aufgaben, die vor allem Ärztinnen und Ärzte leisten müssen, aber auch Angehörige aller Gesundheitsberufe, die Schwangere und junge Mütter betreuen. Ziel ist dabei, Mutter und Kind vor den Folgen des Drogenkonsums zu bewahren bzw. zumindest die Risiken so weit wie möglich zu minimieren. Grundlegende pharmakologische Kenntnisse der intrauterinen Exposition mit deren Langzeitfolgen und den sich daraus ergebenden therapeutischen Maßnahmen bilden die Basis zu diesen Aufgaben. 606 $aGynecology 606 $aMaternal and child health services 606 $aPediatrics 606 $aPsychopharmacology 606 $aPrimary care (Medicine) 606 $aGynecology$3https://scigraph.springernature.com/ontologies/product-market-codes/H26006 606 $aMaternal and Child Health$3https://scigraph.springernature.com/ontologies/product-market-codes/H27025 606 $aPediatrics$3https://scigraph.springernature.com/ontologies/product-market-codes/H49006 606 $aPsychopharmacology$3https://scigraph.springernature.com/ontologies/product-market-codes/H53010 606 $aPrimary Care Medicine$3https://scigraph.springernature.com/ontologies/product-market-codes/H51000 615 0$aGynecology. 615 0$aMaternal and child health services. 615 0$aPediatrics. 615 0$aPsychopharmacology. 615 0$aPrimary care (Medicine) 615 14$aGynecology. 615 24$aMaternal and Child Health. 615 24$aPediatrics. 615 24$aPsychopharmacology. 615 24$aPrimary Care Medicine. 676 $a618.3 702 $aGortner$b Ludwig$4edt$4http://id.loc.gov/vocabulary/relators/edt 702 $aDudenhausen$b Joachim W$4edt$4http://id.loc.gov/vocabulary/relators/edt 906 $aBOOK 912 $a9910483449303321 996 $aBetreuung drogenabhängiger Schwangerer und ihrer Neugeborenen$92853855 997 $aUNINA